Exégesis bíblica y teología: la éxegesis bíblica en evolución
I tiakina i:
| Kaituhi matua: | |
|---|---|
| Hōputu: | Pukapuka |
| Reo: | Pāniora |
| I whakaputaina: |
Salamanca
Sígueme
1969
|
| Rangatū: | Verdad e Imagen, 15
|
| Ngā marau: | |
| Ngā Tūtohu: |
Tāpirihia he Tūtohu
Kāore He Tūtohu, Me noho koe te mea tuatahi ki te tūtohu i tēnei pūkete!
|
MARC
| LEADER | 00000nam a2200000 a 4500 | ||
|---|---|---|---|
| 001 | UCL3943 | ||
| 003 | CL-VaPUC | ||
| 008 | 031219e19690000SP |||||||||||||||||spa|d | ||
| 082 | 0 | 4 | |a 220.6 |b LOH |2 21 |
| 100 | |a Lohfink, Norbert |e autor |9 545516 | ||
| 245 | 1 | 0 | |a Exégesis bíblica y teología: la éxegesis bíblica en evolución |
| 300 | |a 239 p | ||
| 942 | |c BK | ||
| 945 | |d 20031219 00:00:00 |a vberengu | ||
| 260 | |a Salamanca |b Sígueme |c 1969 | ||
| 650 | 0 | |a Textos sagrados |9 257605 | |
| 650 | 0 | |a Biblia |9 257603 | |
| 650 | 0 | |a Crítica e interpretación |9 255042 | |
| 583 | |a last modification |c 20170628 01:16:42 |k Rodrigo Vera | ||
| 490 | 0 | |a Verdad e Imagen, 15 | |
| 999 | |c 306907 |d 306905 | ||
| 952 | |0 0 |1 0 |4 0 |6 220_600000000000000_LOH_1969 |7 0 |8 A |9 372334 |a BIBTEO |b BIBTEO |d 2019-11-21 |i 209780K |o 220.6 LOH 1969 |p 209780K |r 2025-01-17 |w 2019-11-21 |y BK |k ICR | ||